[Event "Udine Tre Circoli op"]
[Site "Udine"]
[Date "2012.03.10"]
[Round "7"]
[White "Lena, Leonardo"]
[Black "Pontonutti, Luciana"]
[Result "1-0"]
[WhiteElo "1368"]
[BlackElo "1442"]
[PlyCount "77"]
[EventDate "2012.01.21"]
[EventType "swiss"]
[EventRounds "7"]
[EventCountry "ITA"]
[SourceTitle "EXT 2014"]
[Source "ChessBase"]
[SourceDate "2013.11.20"]
[SourceVersion "1"]
[SourceVersionDate "2013.11.20"]
[SourceQuality "1"]

1. f4 d6 2. e4 g6 3. Nf3 Bg7 4. Bc4 e6 5. d4 Ne7 6. 0-0 0-0 7. Nc3 a6 8. Be3 d5 9. Bd3 Nbc6 10. e5 b5 11. Qd2 f5 12. Ng5 Kh8 13. Rf3 Ng8 14. Rh3 h6 15. Bf2 h5 16. Bh4 Qe8 17. Qe2 Nh6 18. Nf3 Nb4 19. Bf2 Ng4 20. Qe1 Bh6 21. Nh4 Bxf4 22. g3 Nxd3 23. cxd3 Nxf2 24. Qxf2 Bg5 25. Qf3 f4 26. g4 Kg7 27. gxh5 Rh8 28. Nxg6 Rh6 29. Nxf4 Qf7 30. Rf1 Bd7 31. Rg3 Qf5 32. Nh3 Rf8 33. Rxg5+ Qxg5+ 34. Nxg5 Rf5 35. Qg4 Rxf1+ 36. Kxf1 Kf8 37. Qf4+ Ke8 38. Qf7+ Kd8 39. Qf8+ 1-0